Представление документа в формате RUSMARC

ПолеНазваниеЗначение
  Тип записи a
  Библиографический уровень a
001 Контрольный номер RU/УОНБ/EK_Kray/490371983
005 Дата корректировки 20240131005057.5
100 Данные общей обработки __
a Данные общей обработки 20150716d2015 ||| 0rusy0189 ca
101 Язык документа 0_
a Язык текста rus
102 Страна публикации __
a Страна публикации RU
105 Кодированные данные (монография) __
a Кодированные данные (монография) y###||||000|y
200 Заглавие и сведения об ответственности 1_
a Заглавие Ваш выход, Маэстро...
e Сведения, относящиеся к заглавию в регионе в седьмой раз вручили премии работникам культуры региона
f Первые сведения об ответственности Николай Владимиров
330 Аннотация __
a Аннотация Состоялось вручение седьмой региональной ведомственной премии "Браво, Маэстро!".
461 Уровень набора _0
1 2000
a Ульяновская правда
1 011
463 Уровень физической единицы _0
1 001RU/УОНБ/EK_Kray/490286157
1 2000
a 27 марта
v С. 14.
1 210
d 2015
610 Ключевые слова 0_
a Ключевые слова работники культуры
610 Ключевые слова 0_
a Ключевые слова лауреаты премий
686 Индексы других классификаций __
a Классификационный индекс 85
2 Код системы rubbk
686 Индексы других классификаций __
a Классификационный индекс 77
2 Код системы rubbk
700 Автор _1
a Фамилия Владимиров
b Имя (инициалы) Н.
g Полное личное имя Николай
4 Код отношения 070
801 Источник записи _0
a Страна RU
b Организация Ульяновская ОНБ
c Дата составления 20150716
g Правила каталогизации RCR
801 Источник записи _1
a Страна RU
b Организация Ульяновская ОНБ
c Дата составления 20150716
g Правила каталогизации RCR
901 Тип документа __
t Тип документа b
w Контрольный № источника RU/УОНБ/EK_Kray/490286157
909 Создатель записи __
a Создатель записи Морозова Н.А.
938 Служебная информация __
a Имя БД kraeved_work
b Имя библиотеки УОНБ
c Имя АИБС МАРК-SQL
d Номер DOC_ID в БД 113444